| 000 | 01388nam a2200241Ia 4500 | ||
|---|---|---|---|
| 999 |
_c54652 _d54652 |
||
| 001 | 21719 | ||
| 003 | GE_BSU | ||
| 005 | 20211217174410.0 | ||
| 008 | 181216s ||||ge |||||||||||||| ||geo|| | ||
| 040 | _cGE_BSU | ||
| 041 | _ageo | ||
| 080 | _a811.353.1-26(075.8) შ-19 | ||
| 100 |
_aშალვაშვილი, ლ. _913303 |
||
| 245 |
_aქართული სალიტერატურო ენის ლექსიკის განვითარება საბჭოთა პერიოდში : _bდამხმ. სახელმძღვ. პედ. ინსტიტუტის ფილოლოგიის ფაკ-ტის სტუდენტებისათვის / _cლ. შალვაშვილი ; რედ. ე. პოლოლიკაშვილი. |
||
| 264 |
_aთბილისი : _bგანათლება, _c1986. |
||
| 300 |
_a330 გვ. ; _c20 სმ. |
||
| 504 | _aბიბლიოგრაფია გვ. : 342-346 | ||
| 541 | _h1ლ. 50თ. | ||
| 653 | _aქართული ენა | ||
| 653 | _aქართული სალიტერატურო ენის ლექსიკის განვითარება საბჭოთა პერიოდში | ||
| 700 |
_aპოლოლიკაშვილი, ე. _eრედაქტორი _913304 |
||
| 942 |
_cBK _2udc |
||